[Event "Buenos Aires"]
[Site "Buenos Aires"]
[Date "1980.??.??"]
[Round "?"]
[White "Kavalek, Lubomir"]
[Black "Timman, Jan H"]
[Result "0-1"]
[WhiteElo "2600"]
[BlackElo "2600"]
[Annotator "Chekhov,V"]
[PlyCount "114"]
[EventDate "1980.10.15"]
[EventType "tourn"]
[EventRounds "13"]
[EventCountry "ARG"]
[EventCategory "13"]
[SourceTitle "MCL"]
[Source "ChessBase"]
[SourceDate "1999.07.01"]
[SourceVersion "1"]
[SourceVersionDate "1999.07.01"]
[SourceQuality "1"]

1. e4 c5 2. Nf3 Nc6 3. d4 cxd4 4. Nxd4 Nf6 5. Nc3 d6 6. Bg5 e6 7. Qd2 Be7 8.
O-O-O O-O 9. Nb3 h6 $6 (9... a6 10. Bxf6 gxf6 11. f4 Kh8 12. f5 b5 13. fxe6 (
13. Kb1 $5) 13... fxe6 14. Kb1 b4 15. Ne2 e5 $1 $10 {Spasov,V-Oll,L/Biel/1993/
0,5 (42) Inf 58/232/}) (9... Qb6 $5) 10. Bxf6 Bxf6 11. Qxd6 Bxc3 12. bxc3 Qh4
13. g3 (13. f3 Rd8 14. Qc7 Rxd1+ 15. Kxd1 Qf6 16. Kc1 Qxc3 17. Bb5 e5 18. Bxc6
Be6 19. Rd1 bxc6 20. Rd3 $14 {Serper,G-Reznikov,V/URS/1982/}) (13. f4 $5 Rd8
14. g3 $1 Qf6 (14... Qh5 15. Qxd8+ Nxd8 16. Rxd8+ $16) 15. Qc5 Rxd1+ 16. Kxd1
e5 17. f5 $16 {Kuzmin,G-Cseshkovsky,V/URS/1981/1:0 (42) Inf 33/278/}) 13... Qf6
(13... Qxe4 14. Bb5) 14. Qc5 e5 15. Bb5 (15. Bc4 $5 Be6 16. Bxe6 Qxe6 17. Rd6
Qh3 18. Qe3 Rfd8 19. Rd5 $1 Qg2 20. Rhd1 Qxh2 21. Nc5 $16 {Klovans,J-Tal,M/
Jurmala/1983/}) 15... Nd8 $1 16. Qe3 $6 (16. Rd6 $5) 16... Bg4 17. Rd3 Rc8 18.
f3 (18. h3 $5 Be6 19. Nc5 a6 20. Ba4 b5 21. Bb3) 18... a6 19. Bd7 Bxd7 20. Rxd7
a5 $1 $44 21. Rhd1 Qa6 22. R1d5 a4 23. Nc5 Qf1+ 24. Kd2 (24. Kb2 $2 a3+ $1 25.
Kxa3 Qb1 $40) (24. Rd1 Qc4) 24... a3 25. Nd3 Qb1 26. Nc1 Nc6 27. Qd3 Qb6 28.
Rb5 $6 (28. Qe3 $1 Qb1 29. Qd3 $10) 28... Qg1 29. Rbxb7 (29. Qe2 b6 $1 {
/\Na5-c4/}) 29... Na5 30. Rbc7 Qb6 31. Rxc8 Rxc8 32. Ke2 (32. Qd5 Nc4+ 33. Ke1
Qg1+ $19) 32... Nc4 (32... Qg1 $6 33. Rd8+ Rxd8 34. Qxd8+ Kh7 35. Qxa5) 33. Nb3
Qg1 34. Rd8+ Rxd8 35. Qxd8+ Kh7 36. Qd3 Qxh2+ 37. Kf1 Qh1+ 38. Kf2 Qh2+ 39. Kf1
Qh3+ 40. Kf2 Nb2 41. Qe2 Qh2+ 42. Ke3 Qxg3 $19 43. Kd2 (43. c4 Qf4+ 44. Kf2
Qh2+ 45. Ke3 Qxe2+ 46. Kxe2 Nxc4 $19) 43... Qg5+ (43... h5 $1) 44. Ke1 Na4 (
44... Qg1+ 45. Kd2 h5 46. f4 $1) 45. c4 Nc3 46. Qd3 Nxa2 47. c5 Nc1 $1 48. Qc3
a2 $6 (48... Nxb3 $1 49. Qxb3 Qg1+ 50. Ke2 (50. Kd2 Qd4+ 51. Kc1 Qa1+ 52. Kd2
a2) 50... Qxc5 51. Qxf7 Qxc2+) 49. Na1 Qg2 50. Kd1 Ne2 51. Qxe5 Qxf3 52. Kd2 (
52. Qf5+ Qxf5 53. exf5 Nd4 $19) 52... Ng3 53. c6 Nxe4+ 54. Kc1 Qa3+ 55. Kd1
Qd6+ 56. Qxd6 Nxd6 57. Kc1 h5 0-1

[Event "Rostock-10 GM Group"]
[Site "Rostock"]
[Date "1984.08.19"]
[Round "9"]
[White "Vogt, Lothar"]
[Black "Lanc, Alois"]
[Result "1-0"]
[WhiteElo "2485"]
[BlackElo "2390"]
[Annotator "ChessBase"]
[PlyCount "49"]
[EventDate "1984.08.11"]
[EventType "tourn"]
[EventRounds "9"]
[EventCountry "DDR"]
[EventCategory "8"]
[SourceTitle "MCL"]
[Source "ChessBase"]
[SourceDate "1999.07.01"]
[SourceVersion "1"]
[SourceVersionDate "1999.07.01"]
[SourceQuality "1"]

1. e4 c5 2. Nf3 d6 3. d4 cxd4 4. Nxd4 Nf6 5. Nc3 Nc6 6. Bg5 e6 7. Qd2 h6 8.
Bxf6 gxf6 (8... Qxf6 $2 9. Ndb5) 9. O-O-O a6 10. Kb1 (10. f4) 10... Bd7 11. f4
Qb6 12. Nb3 O-O-O 13. g3 Kb8 14. f5 h5 15. Qf4 Be7 16. Bh3 Ka8 17. Rhe1 Rc8 18.
fxe6 fxe6 19. Nd5 $1 exd5 20. Bxd7 Rc7 21. Bxc6 bxc6 22. exd5 c5 23. Nd2 Rb8
24. Nc4 Qb4 25. Re3 1-0

[Event "Haninge"]
[Site "Haninge"]
[Date "1989.??.??"]
[Round "?"]
[White "Arnason, Jon Loftur"]
[Black "Wilder, Michael"]
[Result "0-1"]
[WhiteElo "2550"]
[BlackElo "2540"]
[Annotator "ChessBase"]
[PlyCount "62"]
[EventDate "1989.??.??"]
[EventType "tourn"]
[EventRounds "11"]
[EventCountry "SWE"]
[EventCategory "13"]
[SourceTitle "CBM 013"]
[Source "ChessBase"]
[SourceDate "1989.12.01"]
[SourceVersion "1"]
[SourceVersionDate "1989.12.01"]
[SourceQuality "1"]

1. e4 c5 2. Nf3 d6 3. d4 cxd4 4. Nxd4 Nf6 5. Nc3 Nc6 6. Bg5 e6 7. Qd2 Be7 8.
O-O-O O-O 9. Nb3 Qb6 10. h4 {Arnason's favourite move.} Rd8 11. h5 h6 $1 (11...
d5 12. exd5 Nxd5 13. Bxe7 Ncxe7 14. h6 g6 15. Bc4 $16 {Arnason-Thorsteins,
Reykjavik 1984.}) 12. Be3 Qc7 13. Qe2 {So far this is an analysis given by
Arnason in the Informant. He gives the plan g4-g5 with an attack. This does
not seem to have frightened Wilder.} d5 $1 {Classical strategy. Counterattack
in the centre.} 14. exd5 Nxd5 15. Nxd5 Rxd5 $1 {Exchanging R:s makes it more
difficult for White to protect c2.} 16. Rxd5 $6 {Letting the B out to f5 is
dangerous to say the least.} (16. g4 Nb4 17. Kb1 Rxd1+ 18. Qxd1 Nd5 19. Bc1 {
And White is ready to continue his attack.}) 16... exd5 17. Qd2 (17. g4 $6 {
Preventing Bf5.} Nb4 $1 {With the double threat: Nxa2 and Bxg4.} 18. c3 Nxa2+
19. Kb1 Nxc3+ 20. bxc3 Qxc3 $17) 17... Bf5 18. Bf4 Qd8 19. Be2 $2 {The final
mistake, giving Black a murderous attack.} (19. Bd3 Bxd3 20. cxd3 $15) 19...
Rc8 20. Bd1 Nb4 21. Nd4 Nxa2+ 22. Kb1 Nc3+ $1 23. Kc1 (23. bxc3 Qb6+ 24. Ka1
Rc4 25. Nb3 Ra4+ 26. Kb2 Ba3+ 27. Kb1 Qxb3+ $19) 23... Qa5 24. Qe3 Qa1+ 25. Kd2
Ne4+ 26. Ke2 Bh7 27. Qh3 Re8 28. Be5 Qa6+ 29. Ke1 Bb4+ 30. c3 Rxe5 31. Qc8+ Bf8
0-1

[Event "Interzonal-15"]
[Site "Manila"]
[Date "1990.??.??"]
[Round "1"]
[White "Adams, Michael"]
[Black "Rachels, Stuart"]
[Result "1-0"]
[WhiteElo "2590"]
[BlackElo "2475"]
[Annotator "ChessBase"]
[PlyCount "61"]
[EventDate "1990.06.29"]
[EventType "swiss"]
[EventRounds "13"]
[EventCountry "PHI"]
[SourceTitle "CBM 019"]
[Source "ChessBase"]
[SourceDate "1990.12.01"]
[SourceVersion "1"]
[SourceVersionDate "1990.12.01"]
[SourceQuality "1"]

1. e4 c5 2. Nf3 Nc6 3. d4 cxd4 4. Nxd4 Nf6 5. Nc3 d6 6. Bg5 e6 7. Qd2 Be7 8.
O-O-O Nxd4 9. Qxd4 O-O 10. f3 Qa5 11. Bd2 $5 (11. Qd2) 11... Qc7 12. g4 a6 13.
g5 Nd7 14. h4 b5 15. Qf2 Bb7 16. Kb1 b4 17. Ne2 d5 18. exd5 Bxd5 19. Nf4 Bxa2+
20. Kxa2 Qxc2 21. Bd3 Qa4+ 22. Kb1 Nc5 $2 (22... b3 $142 $19) 23. Qd4 Nb3 24.
Qe4 g6 25. Bc4 Nc5 26. Qe5 Rfc8 27. h5 Nd7 28. Qd4 b3 29. Bc3 Bf6 30. Bxb3 Qxb3
31. gxf6 1-0

[Event "Hoogovens"]
[Site "Wijk aan Zee"]
[Date "1989.01.27"]
[Round "12"]
[White "Anand, Viswanathan"]
[Black "Benjamin, Joel"]
[Result "1-0"]
[WhiteElo "2515"]
[BlackElo "2545"]
[Annotator "ChessBase"]
[PlyCount "61"]
[EventDate "1989.01.13"]
[EventType "tourn"]
[EventRounds "13"]
[EventCountry "NED"]
[EventCategory "13"]
[SourceTitle "CBM 011"]
[Source "ChessBase"]
[SourceDate "1989.08.01"]
[SourceVersion "1"]
[SourceVersionDate "1989.08.01"]
[SourceQuality "1"]

1. e4 c5 2. Nf3 d6 3. d4 cxd4 4. Nxd4 Nf6 5. Nc3 Nc6 6. Bg5 e6 7. Qd2 Be7 8.
O-O-O O-O 9. Nb3 Qb6 10. f3 Rd8 11. Kb1 d5 12. Bxf6 dxe4 $4 13. Bxe7 Rxd2 14.
Nxd2 $1 exf3 (14... Nxe7 $2 15. Nc4 Qc7 16. Nb5 $18) 15. gxf3 $6 (15. Nc4 $1
Qc7 {15...Qf2 16.Ne4! +-} 16. Bd6 $1 $18) 15... e5 16. Bh4 $2 Be6 17. Nde4 Nd4
18. Bg2 $2 Rc8 19. Bf2 f5 $1 20. f4 $1 (20. Ng5 $2 Rxc3 21. Nxe6 Qxe6 22. Bxd4
exd4 23. bxc3 dxc3 24. Ka1 Qe2 $17) 20... fxe4 21. fxe5 Rc4 22. Rhe1 $2 (22.
Ne2 $1 Ra4 23. b3 $16) 22... Rb4 $2 (22... Bg4 $1 23. Rxd4 $2 Rxd4 24. Nxe4
Rxe4 25. Bxb6 Rxe1#) 23. Kc1 $1 Bg4 $2 24. Nd5 Qc5 25. Nxb4 Bxd1 26. Kxd1 $1 (
26. Rxd1 $2 Ne2+ $19) (26. Rxe4 Nb3+ $1 $19) 26... e3 27. Rxe3 Nf5 28. Bd5+ Kf8
29. Rf3 Qxb4 30. Rxf5+ Ke8 31. e6 1-0

[Event "OHRA Crown Group"]
[Site "Amsterdam"]
[Date "1985.07.22"]
[Round "7"]
[White "Timman, Jan H"]
[Black "Martinovic, Slobodan"]
[Result "1-0"]
[WhiteElo "2640"]
[BlackElo "2430"]
[Annotator "ChessBase"]
[PlyCount "91"]
[EventDate "1985.07.15"]
[EventType "tourn"]
[EventRounds "10"]
[EventCountry "NED"]
[EventCategory "14"]
[SourceTitle "MCL"]
[Source "ChessBase"]
[SourceDate "1999.07.01"]
[SourceVersion "1"]
[SourceVersionDate "1999.07.01"]
[SourceQuality "1"]

1. e4 c5 2. Nf3 d6 3. d4 cxd4 4. Nxd4 Nf6 5. Nc3 Nc6 6. Bg5 e6 7. Qd2 Be7 8.
O-O-O O-O 9. Nb3 Qb6 10. f4 a5 $1 11. a4 Rd8 (11... h6 12. Bxf6 (12. Bh4 Nxe4
$17) 12... Bxf6 13. Qxd6 Bxc3 14. bxc3 Qe3+ 15. Qd2 Qxe4 16. Bd3 $16) 12. Bb5
Nb4 $2 (12... h6 13. Bxf6 Bxf6 14. g4 $16) (12... d5 $1 13. exd5 Nb4 $10) 13.
g4 $1 e5 (13... Bd7 14. Bxd7 Rxd7 15. Bxf6 Bxf6 16. e5 Be7 17. f5 $16) 14. f5
d5 $5 15. Bxf6 Qxf6 (15... Bxf6 16. g5 $16) 16. exd5 Qh4 17. Qe2 b6 18. Kb1 (
18. Qxe5 $6 Bf6 $132) 18... Bb7 19. Bc4 Rac8 20. h3 Bg5 21. Nd2 $1 Nxd5 22.
Bxd5 Bxd5 23. Nxd5 Rxd5 24. Nf3 Rxd1+ 25. Rxd1 Qh6 26. Nxe5 (26. h4 Bf4 $1 (
26... Bxh4 $2 27. Rh1 $18)) (26. Nxg5 Qxg5 27. Qxe5 h5 $16) 26... Qxh3 27. Nxf7
$1 Qe3 (27... Kxf7 28. Qe6+ $18) 28. Qxe3 Bxe3 29. Rd7 h6 30. c3 Bf4 31. Nd6
Bxd6 32. Rxd6 Rc4 33. Rd4 Rc6 34. Kc2 Kf7 35. Kd3 Kf6 36. b4 axb4 37. cxb4 Kg5
38. b5 Rc1 39. Rc4 Rd1+ (39... Rxc4 40. Kxc4 Kxg4 41. a5 $18) 40. Kc2 Ra1 41.
Kb2 Re1 42. Rc6 Kxg4 43. Rxb6 h5 44. Rb8 h4 45. b6 h3 46. Rh8 1-0

[Event "WchT 6th"]
[Site "Beersheba"]
[Date "2005.11.02"]
[Round "2.2"]
[White "Akopian, Vladimir Eduardovic"]
[Black "Jobava, Baadur"]
[Result "1-0"]
[WhiteElo "2707"]
[BlackElo "2601"]
[Annotator "Erenburg,S"]
[PlyCount "61"]
[EventDate "2005.11.01"]
[EventType "team-tourn"]
[EventRounds "9"]
[EventCountry "ISR"]
[SourceTitle "CBM 110"]
[Source "ChessBase"]
[SourceDate "2006.01.31"]
[SourceVersion "1"]
[SourceVersionDate "2006.01.31"]
[SourceQuality "1"]
[WhiteTeam "Armenia"]
[BlackTeam "Georgia"]
[WhiteTeamCountry "ARM"]
[BlackTeamCountry "GEO"]

1. e4 c5 2. Nf3 d6 3. d4 cxd4 4. Nxd4 Nf6 5. Nc3 Nc6 6. Bg5 e6 7. Qd2 Be7 8.
O-O-O Nxd4 9. Qxd4 O-O 10. e5 {opening the "d" file.} (10. f4 {is considered
as the main line.}) 10... dxe5 11. Qxe5 Bd7 {The most popular reply against
the 10.e5 variation.} (11... Qe8 {is possible as well:} 12. h4 Bd7 (12... a6
13. Ne4 Nd5 14. Bxe7 Nxe7 15. h5 Nc6 16. Qg3 Qe7 17. h6 g6 18. f4 e5 19. fxe5
Qxe5 20. Qxe5 Nxe5 21. Nf6+ Kh8 22. Rh4 $16 {Huebner,R-Timman,J Belfort WCup
1988 1-0 38}) 13. Nb5 Ng4 14. Qd4 Bxb5 15. Bxe7 Qxe7 16. Bxb5 h5 17. Be2 Rfd8
18. Qf4 e5 $10 {Santo Roman,M-Relange,E Cannes op (05) 1995 1/2 28 - EXP 46})
12. Be2 {covering the g4 square. White has the following alternatives:} (12.
Qg3 $146 {(Ftacnik) A very interesting novelty in a well-known position. Black
has to solve the problems of the pin along the d-file.} Rc8 13. Bd3 Nh5 (13...
Qa5 $2 14. Bxh7+ $1 Kxh7 15. Rxd7 Nxd7 16. Bxe7 Rxc3 (16... Rfe8 17. Qd3+ $18)
17. bxc3 Qxa2 18. Qd3+ Kg8 19. Qxd7 Qa1+ 20. Kd2 Qxh1 21. Bxf8 $18) (13... Qc7
14. Qh4 (14. Bf4 Qa5 15. Rhe1 $13) 14... h6 15. Bxh6 gxh6 16. Qxh6 Qa5 17. h4
Rxc3 $1 (17... Qh5 $2 18. Bh7+ Kh8 19. Qxh5 Nxh5 20. Rxd7 $18) 18. bxc3 Qxc3
19. Qg5+ Kh8 20. Qh6+ $10) 14. Bxe7 (14. Bxh7+ $5 Kxh7 15. Qd3+ Kg8 16. Bxe7
Qxe7 17. Qxd7 Qg5+ 18. Kb1 Qxg2 $13) 14... Qxe7 15. Qe3 (15. Bxh7+ Kxh7 16.
Qd3+ g6 17. Qxd7 Qg5+ 18. Qd2 Qxg2 19. Qe3 $10) 15... Bc6 $11 {CBM 50-6.Bg5 e6/
8... Nd4 9.Qd4 00 1/Opening 1996/CBM 050/[Ftacnik] (24)}) (12. Bb5 Qe8 (12...
Ng4 13. Bxe7 Nxe5 14. Bxd8 Rfxd8 $10) 13. Bxd7 Nxd7 14. Qg3 Bxg5+ 15. Qxg5 Nf6
16. Rd3 h6 17. Qe5 Qb8 18. Re1 Qxe5 19. Rxe5 Rfd8 $10 {1/2-1/2 Van der Wiel,
J-Leko,P/Wijk (03) ;CBM 40 1994 (26)}) (12. h4 Rc8 13. Rh3 Qc7 14. Qe1 (14. Qe3
b5 15. Bf4 Qa5 16. Rg3 b4 17. Be5 $40 {Oll,L-Maki,V Helsinki Opybank 1991 1-0
33}) (14. Qxc7 Rxc7 15. Nb5 Bxb5 16. Bxb5 Rfc8 17. Bd3 Nd5 (17... Ng4 18. Bxe7
Rxe7 19. Rd2 Rec7 20. Bf1 Kf8 21. Rhd3 Ke7 22. Rd4 f5 23. Bb5 Nf6 24. Re2 g6
25. Bd3 Rd7 26. Rxd7+ Nxd7 27. c3 {Boudre,J-Levacic,D/FRA-chT ;TD 93\08 1993/
1-0 (62)}) 18. Bxe7 Rxe7 19. Bf1 Rec7 20. c3 Kf8 21. Kb1 Rd8 22. Rhd3 Rcd7 23.
c4 {Prandstetter,E-Trepp,M/Prague Bohemians ;EXT 87 1987/1/2-1/2 (70)}) 14...
Bc6 15. Rg3 Bd6 16. Rgd3 Be5 17. Re3 Ng4 18. Red3 h6 19. Bd2 b5 20. f3 Bg3 21.
Qe2 Nf2 {0-1 Nunn,J-Kramnik,V Monaco blind (04) 1995 - EXP 46 0-1}) (12. Bd3
Ng4 13. Bxe7 Nxe5 14. Bxd8 Rfxd8 $11 {Gufeld,E-Osnos,V/URS-ch31 Leningrad ;
URS-ch 1963/1/2-1/2 (34)}) (12. Ne4 Nxe4 13. Bxe7 Qxe7 14. Qxe4 Bc6 $11 {
Margulis,I-Rachels,S/USA-op Los Angeles ;TD 91\09 1991/0-1 (44)}) 12... Rc8 {
threatening with Rc5.} 13. Be3 {taking control over the g1-a7 diagonal.} a6 {
covering the b5 spot.} ({Black is Ok after} 13... Bb4 14. Rd3 (14. Bd4 Bc6 15.
Bf3 Qa5 16. Bxc6 Rxc6 17. a3 Qxe5 18. Bxe5 Bxc3 19. Bxc3 Rfc8 20. Rd3 Nd5 21.
Kd2 Kf8 22. Re1 Rc4 23. f3 Nxc3 24. bxc3 {Enders,P-Kramnik,V/BL 9495 (1994) ;
BL 90 1995/0-1 (52)}) 14... Qe7 15. Rhd1 Bc6 16. a3 Nd7 17. Qg3 Bc5 18. Bxc5
Nxc5 19. Rd6 Ne4 20. Nxe4 Bxe4 21. R1d2 {1/2-1/2 Balashov,Y-Avrukh,B/St.
Petersburg op (09) ;CBM 41 1994}) 14. g4 $1 $146 {White immediately starts an
attack on the kingside. In the previous games White has tried the following
continuations, but without success:} (14. Rd3 Qc7 15. Qxc7 Rxc7 16. Rhd1 Bc6
17. Bf4 Rcc8 18. Bf3 Bxf3 19. Rxf3 Rc6 20. Rfd3 Rfc8 $11 {1/2-1/2 Van der
Meulen,F-Mellegers,J/Arnhem 1996/EXT 98 (100)}) (14. Bd4 Bc6 15. Bf3 Bxf3 16.
gxf3 Qc7 17. Rhg1 Qxe5 18. Bxe5 Rfd8 $15 {0-1 Arizmendi Martinez,J-Veingold,A/
Mislata 1994/EXT 2000 (49)}) 14... b5 {creating counterplay on the queenside.}
(14... Qc7 {doesn't equalize, in view of} 15. Qxc7 Rxc7 16. g5 Ne8 (16... Nd5
17. Nxd5 exd5 18. Bf3 $16) 17. Bf4 Bc6 18. Bxc7 Bxh1 19. Bf4 $14) 15. g5 {
getting the e4 spot for the knight.} Ne8 (15... b4 $2 16. gxf6 Bxf6 17. Qd6
bxc3 18. Qxd7 Qa5 19. Kb1 $18) 16. Ne4 {[%cal Ge4c5,Ye3c5]} ({Deserves
attention:} 16. Rhg1 Rc6 17. Ne4 Qc8 18. Kb1 $16) 16... Qc7 {This is the only
way to prevent White's occupation of the c5 spot.} (16... Rc6 17. Bc5 $16 (17.
Rhg1 {-16.Rhg1})) 17. Qxc7 Rxc7 18. Rhg1 {moving away the rook from the long
diagonal.} Bc6 19. Nc5 Bf3 $6 {giving White a pair of bishops.} ({Better is} 
19... a5 $1 20. Na6 $1 (20. Nb3 {[%cal Yb3d4]} Nd6 21. Nxa5 Be4 $132 {[%cal
Gf8a8]}) 20... Rc8 21. Bc5 Bxc5 (21... Be4 22. Bxe7 $1 (22. Rd4 Bxc5 23. Nxc5
Bxc2 24. Nd7 e5 25. Nxe5 Bd3+ 26. Kd2 Bxe2 27. Kxe2 Rc2+ 28. Rd2 Rxd2+ 29. Kxd2
f6 $13) 22... Rxc2+ 23. Kb1 Rxe2+ 24. Ka1 Rxf2 25. Rd8 $16) 22. Nxc5 Nc7 $14)
20. Bxf3 Bxc5 21. Rge1 $16 {preventing Black's counterplay, that is connected
with the advance f7-f6. White has got an obvious advantage, thanks to the pair
of bishops in an open position and control over the only open "d" file.} Bxe3+
22. Rxe3 Rc5 23. h4 Nc7 {adding the knight to the game.} 24. Rd7 f6 {creating
counterplay through the "f" file.} 25. Be4 $1 {preparing to transfer the rook
to g3.} ({Less promising is} 25. gxf6 Rxf6 26. Red3 Rc4 $13) 25... fxg5 $2 {
plays in White's hands. Black has opened the "h" file and White can attack the
h7 pawn there.} ({The least of the evils was} 25... Nd5 26. Ra3 fxg5 27. hxg5
Nb6 28. Rb7 Re5 $14 {/+/-}) 26. hxg5 Rxf2 (26... Rf4 {doesn't make Black's
life easier:} 27. b4 $1 Rc4 28. Bd3 Rfd4 29. Bxc4 (29. Re7 $4 Kf8 $17) 29...
Rxd7 30. Bxe6+ Nxe6 31. Rxe6 Rd5 32. g6 $1 hxg6 33. Rxg6 Rf5 34. Rxa6 $18) 27.
b4 $1 Rc4 28. Bd3 Rc6 (28... Rc3 {loses, in view of} 29. Bxh7+ Kxh7 30. Rxc3
Nd5 31. Rc6 $18) 29. Rh3 $1 $18 {All of White's pieces attack Black's
monarch's residence. Black is hopeless against White's activity.} h5 {Other
continuations lose as well:} (29... h6 30. gxh6 gxh6 31. Rxh6 $18) (29... g6
30. Rdxh7 $18 {[%cal Gh7h8,Yh3h7]}) 30. Rxh5 e5 31. Rh8+ $1 (31. Rh8+ Kxh8 32.
Rd8+ {mating.}) 1-0

[Event "Moscow Alekhine op"]
[Site "Moscow"]
[Date "1992.??.??"]
[Round "?"]
[White "Tseshkovsky, Vitaly"]
[Black "Aseev, Konstantin N"]
[Result "0-1"]
[WhiteElo "2510"]
[BlackElo "2550"]
[Annotator "Ernst,T"]
[PlyCount "96"]
[EventDate "1992.10.??"]
[EventType "swiss"]
[EventRounds "9"]
[EventCountry "RUS"]
[SourceTitle "CBM 033"]
[Source "ChessBase"]
[SourceDate "1993.04.01"]
[SourceVersion "1"]
[SourceVersionDate "1993.04.01"]
[SourceQuality "1"]

1. e4 c5 2. Nf3 d6 3. d4 cxd4 4. Nxd4 Nf6 5. Nc3 Nc6 6. Bg5 e6 7. Qd2 Be7 8.
O-O-O O-O 9. Nb3 a6 10. f4 (10. Bxf6 gxf6 11. Qh6 (11. h4 Kh8 12. g4 b5 (12...
Rg8 13. g5 b5 14. f4 Bb7 15. Kb1 b4 16. Ne2 a5 17. Bg2 a4 18. Nbd4 Na5 19. Qxb4
d5 20. Qxa4 Nc4 21. Qb3 $16 {Yudasin,L-Aseev,K/URS/1987/}) 13. g5 b4 14. Na4
Rg8 15. f4 Rb8 16. Kb1 Bf8 17. Be2 e5 18. f5 fxg5 19. hxg5 Rxg5 20. Qe3 Qf6 21.
Nb6 Ne7 22. Nxc8 Rxc8 23. Bxa6 Rd8 24. Qb6 Ng8 25. Na5 d5 26. Nc6 Rd6 27. exd5
Ne7 28. Qxb4 Nxd5 29. Rxd5 Qg7 30. Rxd6 Rg1+ 31. Rd1 {Short,N-Karpov,An (10)/
Linares csf1/1992/1-0 (41)}) 11... Kh8 12. Qh5 Qe8 (12... Bd7 13. f4 Be8 14.
Kb1 Rg8 15. g4 b5 16. Bd3 Nb4 17. Be2 Qc7 18. h4 Nxc2 19. Rc1 b4 20. Nd1 Na3+
21. bxa3 Qb7 22. Bd3 a5 23. a4 f5 24. gxf5 Rg3 25. Nb2 Rxd3 26. Nxd3 Qxe4 27.
Qd1 Bxa4 28. fxe6 Bb5 29. Rh3 a4 30. Na1 b3 31. axb3 {Yagupov,I-Zakharov,A/
Smolensk/1992/1-0 (32)}) 13. f4 Rg8 14. Bd3 Rg7 15. g4 b5 16. h4 b4 17. Ne2 e5
18. f5 a5 19. Kb1 Nb8 (19... a4 20. Nd2 Bb7 21. Rhf1 Nb8 22. g5 Nd7 23. Nf3 Nc5
24. Qh6 $13 {Boriss,M-Leko,P/Kecskemet/1991/}) 20. g5 Nd7 21. Rdg1 Bb7 22. Qf3
Qd8 23. Ng3 fxg5 24. hxg5 Rxg5 25. f6 Nxf6 26. Nf5 Rg6 27. Nd2 Bf8 28. Nc4 Rc8
29. Nce3 a4 30. Qh3 Bg7 31. Ng4 {Lau,R-Aseev,K/Munich op9192 (08)/1992/1-0 (41)
}) 10... b5 11. Bxf6 gxf6 12. h4 Kh8 13. g4 b4 14. Ne2 (14. Na4) 14... a5 15.
Kb1 $6 (15. Nbd4 $142) 15... Qb6 16. Rh3 $6 a4 17. Nbd4 Na5 $15 18. Nc1 Bb7 19.
Re3 d5 $1 20. exd5 (20. e5 Nc4 21. Bxc4 dxc4 $17) 20... Bxd5 21. Qe1 Bc5 22.
Red3 Bc4 23. R3d2 Rad8 (23... Rfd8) 24. Nf3 Bd5 25. Rxd5 (25. Qg3 $17) 25...
Rxd5 26. Bd3 Be3 27. h5 $1 b3 (27... Rc8 $1 28. Qh4 Qd8 $19) 28. axb3 axb3 29.
c4 Nxc4 30. Qc3 Ne5 $1 31. fxe5 Bxc1 32. Qxc1 (32. Rxc1 Ra5 {/\ 33...Ra5-a1+
34.Kb1xa1 Qb6-a7+ -+} 33. Qc7 Rfa8 $1) 32... Qa5 (32... Ra8 33. Qh6 Rxd3 34.
Qxf6+ Kg8 35. Qg5+ Kf8 36. Qh6+ Ke8 37. Rxd3 Ra1+ 38. Kxa1 Qa6+ 39. Kb1 Qxd3+
40. Ka1 Qd1+) 33. Qh6 Qa2+ 34. Kc1 Qa1+ 35. Kd2 Rxd3+ 36. Kxd3 Qxd1+ 37. Ke3
Qc1+ (37... Rd8 $1) 38. Nd2 Qc5+ 39. Kf3 Qd5+ 40. Kf2 $2 (40. Ne4 $142) 40...
Qd4+ 41. Kf3 Rd8 $1 42. Qxf6+ Kg8 43. Qg5+ Kf8 44. Qh6+ Ke8 45. Ne4 Qxe5 46.
Qe3 Rd4 47. h6 Qd5 48. Qf4 Rb4 0-1